Statistics for Same Sized Cities

Click here to take the quiz!

General Stats

  • This quiz has been taken 70 times
  • The average score is 16 of 24

Answer Stats

Pop.CountryCity% Correct
7.20 milCanadaToronto
92%
4.15 milU.A.E.Dubai
83%
3.85 milAfghanistanKabul
83%
6.25 milSpainMadrid
82%
3.60 milItalyRome
80%
5.25 milEgyptAlexandria
78%
5.20 milJordanAmman
77%
4.75 milTurkeyAnkara
77%
3.00 milU.K.Manchester
77%
3.18 milNetherlandsRotterdam
77%
5.70 milSudanKhartoum
75%
4.70 milSri LankaColombo
72%
4.70 milGhanaAccra
71%
3.85 milColombiaMedellín
66%
5.20 milCôte d'IvoireAbidjan
65%
3.18 milGermanyFrankfurt
65%
5.25 milMyanmarYangon
65%
5.70 milU.S.Detroit
55%
4.75 milMexicoMonterrey
55%
3.00 milCameroonDouala
49%
3.60 milU.S.Denver
45%
6.25 milIndiaPune
37%
7.20 milChinaChongqing
29%
4.15 milU.S.Tampa
26%

Score Distribution

Percentile by Number Answered

Percent of People with Each Score

Your Score History

You have not taken this quiz